[Event "European Blitz Championship 2021"]
[Site "Katowice"]
[Date "2021.12.17"]
[Round "16.5"]
[White "Schneider, Ilja"]
[Black "Malek, Jan"]
[Result "1/2-1/2"]
[WhiteElo "2486"]
[BlackElo "1838"]
[Annotator "ChessBase"]
[PlyCount "88"]
[EventDate "2021.12.17"]
[EventType "swiss"]
[EventCountry "POL"]
[SourceTitle "playchess.com"]
[Source "ChessBase"]
[SourceQuality "1"]

1. d4 Nf6 2. Bg5 Ne4 3. Bf4 d5 4. e3 c5 5. Bd3 cxd4 6. Bxe4 dxe4 7. Qxd4 Qxd4
8. exd4 Nc6 9. Ne2 Bg4 10. Nbc3 Rd8 11. O-O-O e6 12. h3 Bh5 13. Rhe1 Bb4 14. g4
Bg6 15. a3 Bxc3 16. Nxc3 Rxd4 17. Rxd4 Nxd4 18. Rd1 Nc6 19. Nb5 e5 20. Nc7+ Ke7
21. Nd5+ Ke6 22. Nc7+ Ke7 23. Nd5+ Kd6 24. Be3 Nd4 25. Nf4 exf4 26. Bxf4+ Kc5
27. Be3 Rd8 28. c3 Kc4 29. Bxd4 Kb3 30. Bxg7 Rxd1+ 31. Kxd1 Kxb2 32. Bd4 a5 33.
Bb6 a4 34. Bc5 Kxc3 35. Ke2 Kc4 36. Bb4 Kd4 37. Kd2 f5 38. gxf5 Bxf5 39. h4 Bg4
40. Bc3+ Kc4 41. Bb4 Bf3 42. Ke3 Kd5 43. Kf4 Kd4 44. Kg3 Ke5 1/2-1/2

[Event "European Blitz Championship 2021"]
[Site "Katowice"]
[Date "2021.12.17"]
[Round "16.5"]
[White "Brzezinski, Mateusz"]
[Black "Praczukowski, Stanislaw"]
[Result "0-1"]
[WhiteElo "2201"]
[BlackElo "2069"]
[Annotator "NA"]
[PlyCount "52"]
[EventDate "2021.12.17"]
[EventType "swiss"]
[EventCountry "POL"]
[SourceTitle "playchess.com"]
[Source "ChessBase"]
[SourceQuality "1"]

1. c4 Nf6 2. Nc3 g6 3. g3 Bg7 4. Bg2 d6 5. e4 O-O 6. Nge2 c5 7. O-O Nc6 8. d3
Ne8 9. a3 Nc7 10. Rb1 Rb8 11. b4 cxb4 12. axb4 b5 13. c5 dxc5 14. bxc5 b4 15.
Nd5 Be6 16. Nef4 Qd7 17. Nxc7 Qxc7 18. Nxe6 fxe6 19. Qb3 Nd4 20. Qc4 a5 21. f4
Rfc8 22. Bh3 Qxc5 23. Qxc5 Rxc5 24. Be3 Rc2 25. Rf2 Rxf2 26. Kxf2 a4 0-1

[Event "European Blitz Championship 2021"]
[Site "Katowice"]
[Date "2021.12.17"]
[Round "16.6"]
[White "Teclaf, Pawel"]
[Black "Tazbir, Marcin"]
[Result "1-0"]
[WhiteElo "2543"]
[BlackElo "2508"]
[Annotator "RC"]
[PlyCount "87"]
[EventDate "2021.12.17"]
[EventType "swiss"]
[EventCountry "POL"]
[SourceTitle "playchess.com"]
[Source "ChessBase"]
[SourceQuality "1"]

1. e4 c5 2. Nf3 d6 3. d4 Nf6 4. Nc3 cxd4 5. Nxd4 a6 6. Bc4 e6 7. Bb3 Nbd7 8. f4
Nc5 9. e5 dxe5 10. fxe5 Nxb3 11. axb3 Bc5 12. exf6 Bxd4 13. fxg7 Bxg7 14. Qxd8+
Kxd8 15. O-O Ke7 16. Bg5+ f6 17. Be3 Bd7 18. Ne4 e5 19. Rad1 Rac8 20. Bc5+ Rxc5
21. Nxc5 Bc6 22. c3 Rc8 23. b4 Bh6 24. Rfe1 b6 25. Ne4 Bg7 26. Nd6 Rc7 27. Nf5+
Ke6 28. Nd4+ Ke7 29. Nxc6+ Rxc6 30. Rd5 f5 31. Red1 Ke6 32. Rd7 Bf6 33. Rxh7 e4
34. Kf1 a5 35. bxa5 bxa5 36. Rb7 f4 37. Rb5 a4 38. Ra5 Rb6 39. Rxa4 Kf5 40.
Rd5+ Ke6 41. Rda5 Rxb2 42. Rxe4+ Kd7 43. Ra7+ Kd6 44. c4 1-0

[Event "European Blitz Championship 2021"]
[Site "Katowice"]
[Date "2021.12.17"]
[Round "16.6"]
[White "Molenda, Marcin"]
[Black "Mis, Mieszko"]
[Result "0-1"]
[WhiteElo "2097"]
[BlackElo "2200"]
[Annotator "NA"]
[PlyCount "41"]
[EventDate "2021.12.17"]
[EventType "swiss"]
[EventCountry "POL"]
[SourceTitle "playchess.com"]
[Source "ChessBase"]
[SourceQuality "1"]

1. d4 Nf6 2. c4 e6 3. Nf3 d5 4. g3 dxc4 5. Qa4+ Nbd7 6. Qxc4 a6 7. Bg2 b5 8.
Qc2 Bb7 9. O-O c5 10. a4 cxd4 11. Nxd4 Bxg2 12. Kxg2 Rc8 13. Qd1 Qb6 14. axb5
axb5 15. Nc3 b4 16. Ncb5 Bc5 17. Qd3 O-O 18. Bg5 h6 19. Bxf6 Nxf6 20. e3 Rfd8
21. Qe2 0-1

[Event "European Blitz Championship 2021"]
[Site "Katowice"]
[Date "2021.12.17"]
[Round "16.7"]
[White "Demchenko, Anton"]
[Black "Dragnev, Valentin"]
[Result "1-0"]
[WhiteElo "2655"]
[BlackElo "2548"]
[Annotator "RC"]
[PlyCount "85"]
[EventDate "2021.12.17"]
[EventType "swiss"]
[EventCountry "POL"]
[SourceTitle "playchess.com"]
[Source "ChessBase"]
[SourceQuality "1"]

1. e4 d5 2. exd5 Qxd5 3. Nc3 Qa5 4. Nf3 Nf6 5. g3 Nc6 6. Bg2 Bg4 7. h3 Bh5 8.
d3 e6 9. O-O Be7 10. Ne2 e5 11. Bd2 Qb6 12. Be3 Qa6 13. a3 Rd8 14. Qe1 O-O 15.
Nh4 Nd5 16. Nf5 Nxe3 17. fxe3 Bd6 18. g4 Bg6 19. Neg3 Qb6 20. Rb1 Ne7 21. Ne4
Rfe8 22. h4 f6 23. b4 Qa6 24. Ra1 Qa4 25. Qf2 Nxf5 26. gxf5 Bf7 27. Kh1 Bf8 28.
Rg1 Kh8 29. Bf3 Qd7 30. Ng3 c5 31. bxc5 Bxc5 32. Rg2 Rc8 33. Bh5 Rg8 34. Bxf7
Qxf7 35. Ne4 Be7 36. Qf3 Rc7 37. Rag1 Qa2 38. Qd1 Qxa3 39. h5 h6 40. Rg6 Qa4
41. Qg4 Rcc8 42. Rxg7 Qxc2 43. Rxg8+ 1-0

[Event "European Blitz Championship 2021"]
[Site "Katowice"]
[Date "2021.12.17"]
[Round "16.8"]
[White "Gretarsson, Helgi Ass"]
[Black "Kosakowski, Jakub"]
[Result "0-1"]
[WhiteElo "2476"]
[BlackElo "2340"]
[Annotator "ChessBase"]
[PlyCount "104"]
[EventDate "2021.12.17"]
[EventType "swiss"]
[EventCountry "POL"]
[SourceTitle "playchess.com"]
[Source "ChessBase"]
[SourceQuality "1"]

1. d4 Nf6 2. c4 e6 3. Nf3 d5 4. e3 Be7 5. Nc3 O-O 6. Qc2 b6 7. b3 Bb7 8. Bb2
Nbd7 9. Bd3 dxc4 10. bxc4 c5 11. d5 exd5 12. cxd5 c4 13. Bxc4 Rc8 14. Qe2 Bb4
15. O-O Qc7 16. Nd2 Bxc3 17. Bxc3 Bxd5 18. Bxf6 Nxf6 19. Ba6 Rcd8 20. Nf3 Ne4
21. Rfc1 Qe7 22. Nd4 Nc5 23. Bc4 Qb7 24. Bxd5 Qxd5 25. Rab1 Rfe8 26. Qc2 h6 27.
h3 Rd6 28. Qf5 Qxf5 29. Nxf5 Rd2 30. Ra1 Ne4 31. f3 Nc5 32. e4 Red8 33. Ne7+
Kf8 34. Nd5 f5 35. Rf1 g6 36. a3 Kg7 37. Rae1 h5 38. Nf4 fxe4 39. fxe4 Re8 40.
e5 Ne6 41. Ne2 Nc5 42. Nf4 Ne6 43. Ne2 Rd5 44. Nc3 Rc5 45. Re3 Nd4 46. Re4 Nf5
47. Rf3 Rcxe5 48. Rc4 h4 49. Rc7+ Kh6 50. Rxa7 Ng3 51. Kf2 Re1 52. Rxg3 hxg3+
0-1

[Event "European Blitz Championship 2021"]
[Site "Katowice"]
[Date "2021.12.17"]
[Round "16.8"]
[White "Kindler, Przemyslaw"]
[Black "Tymrakiewicz, Rafal"]
[Result "0-1"]
[WhiteElo "2069"]
[BlackElo "2172"]
[Annotator "NA"]
[PlyCount "84"]
[EventDate "2021.12.17"]
[EventType "swiss"]
[EventCountry "POL"]
[SourceTitle "playchess.com"]
[Source "ChessBase"]
[SourceQuality "1"]

1. e4 Nf6 2. e5 Nd5 3. Nf3 d6 4. d4 g6 5. c4 Nb6 6. exd6 cxd6 7. Nc3 Bg7 8. Be3
O-O 9. Rc1 Bg4 10. b3 d5 11. c5 Nc8 12. Be2 Nc6 13. O-O e6 14. h3 Bxf3 15. Bxf3
N8e7 16. a3 Nf5 17. Ne2 Nh4 18. Ng3 Nxf3+ 19. gxf3 Qh4 20. Kg2 Nxd4 21. Bxd4
Bxd4 22. Qd2 Bg7 23. Rc2 Rfc8 24. b4 Rc7 25. Qd3 Rac8 26. Re2 a6 27. Rd1 Qf4
28. Rde1 a5 29. Qb3 axb4 30. axb4 h5 31. Re3 Qf6 32. Nf1 Ra8 33. R3e2 Qg5+ 34.
Kh2 Qf4+ 35. Kg2 Kh7 36. Re3 Qg5+ 37. Kh2 Qh4 38. Kg2 Qf6 39. Qc2 Qg5+ 40. Kh1
Qh4 41. f4 Qxf4 42. b5 Rac8 0-1

[Event "European Blitz Championship 2021"]
[Site "Katowice"]
[Date "2021.12.17"]
[Round "16.9"]
[White "Brodowski, Piotr"]
[Black "Plat, Vojtech"]
[Result "1/2-1/2"]
[WhiteElo "2335"]
[BlackElo "2548"]
[Annotator "RC"]
[PlyCount "174"]
[EventDate "2021.12.17"]
[EventType "swiss"]
[EventCountry "POL"]
[SourceTitle "playchess.com"]
[Source "ChessBase"]
[SourceQuality "1"]

1. c4 e5 2. Nc3 Nf6 3. Nf3 d6 4. g3 Be7 5. Bg2 O-O 6. O-O c6 7. d4 e4 8. Ng5 d5
9. Nh3 Bxh3 10. Bxh3 dxc4 11. Bg2 Nbd7 12. Qc2 Re8 13. Rd1 Bf8 14. Nxe4 Nxe4
15. Bxe4 Nf6 16. Bf3 Qd7 17. Qxc4 Qf5 18. Qd3 Qe6 19. Bg5 h6 20. Bxf6 Qxf6 21.
Qb3 Re7 22. d5 cxd5 23. Rxd5 Rc8 24. Rad1 b6 25. Rd7 Rc7 26. Rd8 g6 27. R8d6
Qg7 28. Rd8 Qf6 29. R1d6 Qf5 30. Kg2 Kg7 31. Rd5 Qf6 32. h4 Re5 33. Rd4 Bc5 34.
Rd3 Rce7 35. Qc3 a5 36. a3 b5 37. b4 axb4 38. axb4 Bb6 39. R8d6 R5e6 40. Qxf6+
Rxf6 41. Rxf6 Kxf6 42. Rd5 Re5 43. Rd6+ Re6 44. Rd7 Re7 45. Rd3 Re6 46. Bd5 Rd6
47. e4 Kg7 48. f4 Bd8 49. Rc3 Rd7 50. Rc5 g5 51. hxg5 hxg5 52. Rxb5 gxf4 53.
gxf4 Be7 54. Kf3 Rc7 55. e5 Rc1 56. Ke4 Rb1 57. Rb7 Rxb4+ 58. Kf5 Rxb7 59. Bxb7
Bd8 60. Bc8 Be7 61. Ke4 Bd8 62. Kd5 Bh4 63. f5 Bg5 64. Ke4 Bd8 65. Bb7 Bh4 66.
Bd5 Bd8 67. Kd4 Bh4 68. Kc5 Bd8 69. Kd6 Bh4 70. Kd7 Bg3 71. f6+ Kf8 72. Kd6 Bf4
73. Be4 Bg3 74. Bf5 Bh2 75. Kd5 Bg3 76. Bg4 Bh2 77. Bh5 Bg3 78. Ke4 Bh2 79. Kf5
Bg3 80. Be2 Bh2 81. Bc4 Bg3 82. Bxf7 Bxe5 83. Kxe5 Kxf7 84. Kf5 Kf8 85. Kg6 Kg8
86. f7+ Kf8 87. Kh6 Kxf7 1/2-1/2

[Event "European Blitz Championship 2021"]
[Site "Katowice"]
[Date "2021.12.17"]
[Round "16.10"]
[White "Vetoshko, Volodymyr"]
[Black "Kowalski, Igor"]
[Result "1-0"]
[WhiteElo "2525"]
[BlackElo "2276"]
[Annotator "RC"]
[PlyCount "69"]
[EventDate "2021.12.17"]
[EventType "swiss"]
[EventCountry "POL"]
[SourceTitle "playchess.com"]
[Source "ChessBase"]
[SourceQuality "1"]

1. e4 g6 2. d4 Bg7 3. Nc3 d6 4. Be3 a6 5. a4 Nd7 6. Nf3 e6 7. Qd2 h6 8. Be2 b6
9. O-O Bb7 10. h3 Ne7 11. Rfe1 e5 12. Rad1 f5 13. dxe5 dxe5 14. exf5 gxf5 15.
Nh4 Nf6 16. Qc1 Qc8 17. Bc4 Ne4 18. Nxe4 Bxe4 19. f3 Bc6 20. Bf2 Bf6 21. Bg3
Bg5 22. Qa1 f4 23. Bf2 Bxh4 24. Bxh4 Qf5 25. Bxe7 Kxe7 26. Rxe5+ Qxe5 27. Re1
Qe3+ 28. Rxe3+ fxe3 29. b4 Rae8 30. Qd4 Bxa4 31. Qxe3+ Kd8 32. Qd4+ Kc8 33.
Bxa6+ Kb8 34. Qd5 c6 35. Qd7 1-0

[Event "European Blitz Championship 2021"]
[Site "Katowice"]
[Date "2021.12.17"]
[Round "16.10"]
[White "Warchol, Kamil"]
[Black "Baum, Jonasz"]
[Result "0-1"]
[WhiteElo "1706"]
[BlackElo "2157"]
[Annotator "NA"]
[PlyCount "70"]
[EventDate "2021.12.17"]
[EventType "swiss"]
[EventCountry "POL"]
[SourceTitle "playchess.com"]
[Source "ChessBase"]
[SourceQuality "1"]

1. e4 c5 2. Nf3 d6 3. d4 cxd4 4. Nxd4 Nf6 5. Nc3 a6 6. f4 Qc7 7. f5 Nc6 8. Bg5
e6 9. Bxf6 gxf6 10. fxe6 fxe6 11. Be2 Ne5 12. Bh5+ Kd8 13. Bg4 Qe7 14. Qe2 Rg8
15. Bh3 Bh6 16. O-O Bd7 17. Kh1 Rc8 18. Qh5 Rg6 19. Rad1 Rc4 20. Nf5 exf5 21.
exf5 Rg5 22. Qxh6 Bc6 23. Rd2 Nf7 24. Qxh7 Kc7 25. Nd5+ Bxd5 26. Rxd5 Rxc2 27.
Rdd1 Kb8 28. Rfe1 Re2 29. Rxe2 Qxe2 30. Rg1 Ne5 31. Qh8+ Ka7 32. Qxf6 Qe3 33.
Qxd6 Nd3 34. Rb1 Nf2+ 35. Kg1 Nxh3+ 0-1

[Event "European Blitz Championship 2021"]
[Site "Katowice"]
[Date "2021.12.17"]
[Round "16.11"]
[White "Semjonovs, Ilja"]
[Black "Stefansson, Hannes"]
[Result "0-1"]
[WhiteElo "2095"]
[BlackElo "2519"]
[Annotator "ChessBase"]
[PlyCount "51"]
[EventDate "2021.12.17"]
[EventType "swiss"]
[EventCountry "POL"]
[SourceTitle "playchess.com"]
[Source "ChessBase"]
[SourceQuality "1"]

1. d4 Nf6 2. Nf3 b6 3. Bg5 Bb7 4. e3 Ne4 5. Bf4 g6 6. Nbd2 Bg7 7. Bd3 Nxd2 8.
Qxd2 c5 9. c3 d6 10. h4 Nd7 11. O-O-O Qc7 12. Bg3 Nf6 13. Bb5+ Kf8 14. Kb1 a6
15. Bd3 c4 16. Bc2 Ne4 17. Qe2 b5 18. Ng5 Nxg3 19. fxg3 h6 20. Ne4 Rb8 21. Rhf1
Bd5 22. Qg4 Ke8 23. Nd2 b4 24. Ba4+ Kd8 25. Rc1 Qa5 26. cxb4 0-1

[Event "European Blitz Championship 2021"]
[Site "Katowice"]
[Date "2021.12.17"]
[Round "16.12"]
[White "Wieczorek, Oskar"]
[Black "Kyc, Jerzy"]
[Result "1-0"]
[WhiteElo "2258"]
[BlackElo "2250"]
[Annotator "NA"]
[PlyCount "155"]
[EventDate "2021.12.17"]
[EventType "swiss"]
[EventCountry "POL"]
[SourceTitle "playchess.com"]
[Source "ChessBase"]
[SourceQuality "1"]

1. e4 c5 2. Nf3 d6 3. d4 cxd4 4. Nxd4 Nf6 5. Nc3 a6 6. h4 e5 7. Nb3 Be7 8. Bg5
Nbd7 9. a4 b6 10. Bc4 Bb7 11. Qe2 Qc7 12. Rd1 O-O 13. Bxf6 Nxf6 14. Nd5 Nxd5
15. Bxd5 Bxd5 16. Rxd5 Rfc8 17. c3 Qc4 18. Qxc4 Rxc4 19. Nd2 Rxa4 20. Ke2 Ra2
21. b3 b5 22. Kd3 Rc8 23. g3 g6 24. h5 Kg7 25. hxg6 hxg6 26. f4 exf4 27. gxf4
Bf6 28. e5 dxe5 29. fxe5 Be7 30. Ne4 Rd8 31. Rxd8 Bxd8 32. c4 Ra3 33. c5 Rxb3+
34. Kd4 a5 35. Nd6 a4 36. Rf1 f5 37. exf6+ Bxf6+ 38. Kd5 Bd8 39. Rf7+ Kg8 40.
Rd7 Ba5 41. c6 a3 42. Ra7 Rd3+ 43. Ke6 Rc3 44. Kd7 Bb6 45. Ra8+ Kg7 46. Nxb5
Rc5 47. Nxa3 Rd5+ 48. Ke6 Rc5 49. Kd6 Rc1 50. Nb5 g5 51. Rb8 Ba5 52. Rb7+ Kg6
53. Ra7 Bb6 54. Ra6 Bd8 55. Kd7 Rd1+ 56. Ke8 Bf6 57. c7 Rc1 58. Kd7 Rxc7+ 59.
Nxc7 Kf5 60. Nd5 Be5 61. Ra4 Bf4 62. Ne7+ Kf6 63. Ra6+ Ke5 64. Re6+ Kd4 65. Ng6
Be3 66. Ne5 Bf4 67. Ng4 Kd5 68. Re2 Kd4 69. Ke6 Kd3 70. Re1 Bd2 71. Re5 Bf4 72.
Ra5 Ke4 73. Ra4+ Kf3 74. Kf5 Bd2 75. Ra3+ Ke2 76. Ne5 Be3 77. Nf7 Bc5 78. Rb3
1-0

[Event "European Blitz Championship 2021"]
[Site "Katowice"]
[Date "2021.12.17"]
[Round "16.12"]
[White "Koziorowicz, Michal"]
[Black "Reimanis, Ritvars"]
[Result "1-0"]
[WhiteElo "2094"]
[BlackElo "2397"]
[Annotator "NA"]
[PlyCount "95"]
[EventDate "2021.12.17"]
[EventType "swiss"]
[EventCountry "POL"]
[SourceTitle "playchess.com"]
[Source "ChessBase"]
[SourceQuality "1"]

1. e4 e6 2. d4 d5 3. Nd2 c6 4. e5 f5 5. f4 c5 6. c3 Nc6 7. Ngf3 Nh6 8. Be2 Rb8
9. O-O b5 10. Kh1 c4 11. b4 a5 12. a3 Ra8 13. Bb2 Be7 14. a4 axb4 15. axb5 Rxa1
16. Qxa1 bxc3 17. Bxc3 Nb8 18. Rb1 Qb6 19. Qa8 Qb7 20. Qa2 O-O 21. Bd1 Nd7 22.
Rb2 Nb6 23. Nb1 Bd7 24. Qa6 Rb8 25. Ba5 Bd8 26. Nc3 Nf7 27. Nd2 Bc8 28. Qxb7
Bxb7 29. Nf3 Ra8 30. Bxb6 Bxb6 31. Na4 Bd8 32. Kg1 g5 33. g3 g4 34. Ne1 Rxa4
35. Bxa4 Bb6 36. Nc2 Kf8 37. Kf2 Nh8 38. Ke3 Ng6 39. Nb4 Ke7 40. Na6 h5 41. Nc5
Bc8 42. Bc2 Kd8 43. Ra2 Kc7 44. Ra8 Nf8 45. Na6+ Kd7 46. Ba4 Ng6 47. Rb8 Ba7
48. b6+ 1-0

[Event "European Blitz Championship 2021"]
[Site "Katowice"]
[Date "2021.12.17"]
[Round "16.13"]
[White "Gerasimenyk, Mikhail"]
[Black "Luberanski, Jakub"]
[Result "1-0"]
[WhiteElo "2258"]
[BlackElo "2072"]
[Annotator "NA"]
[PlyCount "49"]
[EventDate "2021.12.17"]
[EventType "swiss"]
[EventCountry "POL"]
[SourceTitle "playchess.com"]
[Source "ChessBase"]
[SourceQuality "1"]

1. d4 Nf6 2. Nf3 e6 3. Bg5 d5 4. e3 c5 5. c3 h6 6. Bf4 Bd6 7. g3 O-O 8. Nbd2
Bxf4 9. gxf4 cxd4 10. cxd4 Nc6 11. Rg1 Kh8 12. Ne5 Qa5 13. a3 Bd7 14. Bd3 Nxe5
15. fxe5 Ne4 16. b4 Qb6 17. Qg4 Rg8 18. Nxe4 dxe4 19. Qxe4 g6 20. Qf4 Rg7 21.
Qxh6+ Rh7 22. Qf4 a5 23. Qf6+ Rg7 24. Bxg6 axb4 25. Bxf7 1-0

[Event "European Blitz Championship 2021"]
[Site "Katowice"]
[Date "2021.12.17"]
[Round "16.14"]
[White "Nasuta, Grzegorz"]
[Black "Batashevs, Arsens"]
[Result "1-0"]
[WhiteElo "2377"]
[BlackElo "2091"]
[Annotator "NA"]
[PlyCount "60"]
[EventDate "2021.12.17"]
[EventType "swiss"]
[EventCountry "POL"]
[SourceTitle "playchess.com"]
[Source "ChessBase"]
[SourceQuality "1"]

1. e4 g6 2. d4 Bg7 3. Nc3 d5 4. exd5 Nf6 5. Nf3 Nbd7 6. Be2 O-O 7. O-O Nb6 8.
h3 Nfxd5 9. Nxd5 Qxd5 10. b3 Bf5 11. c4 Qd8 12. Be3 c6 13. Qd2 Re8 14. Rad1 Be4
15. Rfe1 Bxf3 16. Bxf3 e5 17. dxe5 Qxd2 18. Rxd2 Bxe5 19. Red1 Bf6 20. c5 Nd5
21. Bxd5 cxd5 22. Rxd5 Rac8 23. Rd7 b6 24. cxb6 axb6 25. Bxb6 Re2 26. a4 Kg7
27. a5 Rcc2 28. a6 Bh4 29. g3 Bxg3 30. fxg3 Rh2 1-0

[Event "European Blitz Championship 2021"]
[Site "Katowice"]
[Date "2021.12.17"]
[Round "16.14"]
[White "Kowalczyk, Rafal"]
[Black "Szmyd, Arkadiusz"]
[Result "0-1"]
[WhiteElo "2252"]
[BlackElo "2062"]
[Annotator "NA"]
[PlyCount "126"]
[EventDate "2021.12.17"]
[EventType "swiss"]
[EventCountry "POL"]
[SourceTitle "playchess.com"]
[Source "ChessBase"]
[SourceQuality "1"]

1. e4 c6 2. d4 d5 3. Nc3 dxe4 4. Nxe4 Bf5 5. Ng3 Bg6 6. Nh3 Nf6 7. Nf4 e6 8. h4
Nbd7 9. h5 Bf5 10. Nxf5 Qa5+ 11. c3 Qxf5 12. Bd3 Qa5 13. Bd2 Bd6 14. Qe2 e5 15.
dxe5 Qxe5 16. O-O-O O-O-O 17. Qxe5 Nxe5 18. Bf5+ Kc7 19. b3 g6 20. Bc2 Neg4 21.
Rdf1 Rhe8 22. hxg6 hxg6 23. Nh3 Nd5 24. Ng5 f5 25. Rh7+ Rd7 26. Rxd7+ Kxd7 27.
g3 Ne5 28. c4 Nb4 29. Bb1 Ned3+ 30. Kd1 Nb2+ 31. Kc1 N2d3+ 32. Bxd3 Nxd3+ 33.
Kc2 Nb4+ 34. Bxb4 Bxb4 35. Kd3 a5 36. Rh1 Bc5 37. Rh7+ Re7 38. Rh2 Kc7 39. Nf3
Rd7+ 40. Kc2 Bb4 41. Rh6 Re7 42. Kd3 Rd7+ 43. Ke2 Rd6 44. Rh7+ Rd7 45. Rh6 Rd6
46. a4 Bc5 47. Nh4 Re6+ 48. Kf3 Rd6 49. Ke2 Re6+ 50. Kf1 Rd6 51. Rxg6 Rd3 52.
Nxf5 Rxb3 53. Rg7+ Kb6 54. Rf7 Rb4 55. Ke2 Rxa4 56. g4 Ra2+ 57. Ke1 Rxf2 58. g5
a4 59. g6 a3 60. Ne3 Bxe3 61. g7 a2 62. Rxf2 a1=Q+ 63. Ke2 Qxg7 0-1

[Event "European Blitz Championship 2021"]
[Site "Katowice"]
[Date "2021.12.17"]
[Round "16.15"]
[White "Sharankov, Grigory"]
[Black "Malczyk, Radoslaw"]
[Result "1/2-1/2"]
[WhiteElo "2238"]
[BlackElo "2045"]
[Annotator "NA"]
[PlyCount "129"]
[EventDate "2021.12.17"]
[EventType "swiss"]
[EventCountry "POL"]
[SourceTitle "playchess.com"]
[Source "ChessBase"]
[SourceQuality "1"]

1. d4 Nf6 2. Nf3 g6 3. Nc3 d5 4. Bf4 c5 5. Qd2 Nc6 6. e3 a6 7. Ne5 cxd4 8. exd4
Bg7 9. Nxc6 bxc6 10. Be2 O-O 11. O-O Bf5 12. Bd3 Bxd3 13. Qxd3 e6 14. Na4 Nd7
15. Rfe1 Re8 16. Rac1 Qa5 17. b3 c5 18. c3 c4 19. Qc2 cxb3 20. axb3 Rec8 21. b4
Qb5 22. Nc5 a5 23. Rb1 axb4 24. Rxb4 Qc6 25. Nxd7 Qxd7 26. Reb1 Qc6 27. Bd2 Ra3
28. g3 e5 29. Rb6 Qc4 30. R6b4 Qe2 31. Rb8 Ra8 32. Rxa8 Rxa8 33. Re1 Qc4 34.
dxe5 Ra2 35. Qc1 Qd3 36. Bh6 Bxh6 37. Qxh6 Qxc3 38. Rb1 Ra1 39. Rxa1 Qxa1+ 40.
Kg2 Qxe5 41. Qd2 Qe4+ 42. f3 Qc4 43. Qg5 d4 44. h4 d3 45. h5 Qc2+ 46. Kh3 Qc8+
47. g4 Qd7 48. h6 d2 49. Qf6 Kf8 50. Qh8+ Ke7 51. Qe5+ Kd8 52. Qb8+ Ke7 53.
Qe5+ Qe6 54. Qc7+ Qd7 55. Qe5+ Kd8 56. Qb8+ Ke7 57. Qe5+ Kd8 58. Qb8+ Ke7 59.
Qe5+ Qe6 60. Qc7+ Kf6 61. Qc3+ Qe5 62. Qxd2 g5 63. Qd8+ Kg6 64. Qf8 Qf6 65. Kg2
1/2-1/2

[Event "European Blitz Championship 2021"]
[Site "Katowice"]
[Date "2021.12.17"]
[Round "16.15"]
[White "Niedbala, Bartlomiej"]
[Black "Spalir, Jernej"]
[Result "1-0"]
[WhiteElo "2179"]
[BlackElo "2368"]
[Annotator "NA"]
[PlyCount "66"]
[EventDate "2021.12.17"]
[EventType "swiss"]
[EventCountry "POL"]
[SourceTitle "playchess.com"]
[Source "ChessBase"]
[SourceQuality "1"]

1. Nf3 Nf6 2. g3 d5 3. Bg2 Bg4 4. d3 c6 5. h3 Bh5 6. O-O Nbd7 7. c4 e6 8. cxd5
exd5 9. e4 dxe4 10. dxe4 Bc5 11. e5 Nd5 12. Nbd2 O-O 13. Qc2 Bb6 14. Nc4 Bc7
15. Re1 N7b6 16. Bg5 Qd7 17. e6 fxe6 18. Nfe5 Qe8 19. Be4 Nxc4 20. Nxc4 Bg6 21.
Bxg6 hxg6 22. Qe4 Rf5 23. Be3 Qf7 24. Bd4 b5 25. Ne3 Nxe3 26. Bxe3 Rd5 27. Rac1
Qe8 28. Qc2 Ba5 29. Re2 Rc8 30. Qe4 Qf7 31. Bf4 g5 32. Be3 g6 33. Rec2 Bb6 1-0

[Event "European Blitz Championship 2021"]
[Site "Katowice"]
[Date "2021.12.17"]
[Round "16.16"]
[White "Castejon Caballero, Andres"]
[Black "Budrewicz, Krzysztof"]
[Result "0-1"]
[WhiteElo "2083"]
[BlackElo "2183"]
[Annotator "NA"]
[PlyCount "68"]
[EventDate "2021.12.17"]
[EventType "swiss"]
[EventCountry "POL"]
[SourceTitle "playchess.com"]
[Source "ChessBase"]
[SourceQuality "1"]

1. e4 g6 2. d4 Bg7 3. c4 d6 4. Nc3 Nf6 5. f3 O-O 6. Be3 Nc6 7. Qd2 a6 8. Nge2
Na5 9. Nc1 Nd7 10. h4 c5 11. h5 cxd4 12. Bxd4 Ne5 13. hxg6 fxg6 14. Bxe5 dxe5
15. Qxd8 Rxd8 16. b3 Nc6 17. Nd3 Nd4 18. O-O-O e6 19. Kb2 Bd7 20. Nb4 Rac8 21.
Bd3 Be8 22. Nc2 Rb8 23. a4 Rd6 24. Ne2 Nc6 25. Ng3 Rbd8 26. Be2 Nd4 27. Bd3
Nxb3 28. Kxb3 Rxd3+ 29. Rxd3 Rxd3+ 30. Kb2 Bxa4 31. Na1 Rd2+ 32. Ka3 Bc6 33.
Rg1 Bf8+ 34. Kb3 Bc5 0-1

[Event "European Blitz Championship 2021"]
[Site "Katowice"]
[Date "2021.12.17"]
[Round "16.17"]
[White "Kovalenko, Igor"]
[Black "Kulon, Klaudia"]
[Result "1-0"]
[WhiteElo "2668"]
[BlackElo "2265"]
[Annotator "RC"]
[PlyCount "181"]
[EventDate "2021.12.17"]
[EventType "swiss"]
[EventCountry "POL"]
[SourceTitle "playchess.com"]
[Source "ChessBase"]
[SourceQuality "1"]

1. d4 Nf6 2. Nf3 g6 3. Nbd2 d5 4. e3 Bg7 5. b4 O-O 6. Be2 b6 7. Ba3 a5 8. b5
Nbd7 9. c4 Re8 10. cxd5 Nxd5 11. Bc4 Bb7 12. O-O e5 13. Rc1 exd4 14. exd4 Nf4
15. Re1 Qf6 16. Rxe8+ Rxe8 17. Bf1 c6 18. bxc6 Bxc6 19. g3 Nd5 20. Ne5 Nxe5 21.
dxe5 Qe6 22. Bd6 Ba8 23. Nf3 Nb4 24. a3 Nc6 25. Bb5 Rc8 26. Bc4 Qg4 27. Bd5 Na7
28. Bxa8 Rxa8 29. Rb1 b5 30. Qd5 Re8 31. Nd4 h5 32. Nxb5 Nxb5 33. Qxb5 Rc8 34.
Qxa5 h4 35. Qa6 h3 36. Qf1 Rc2 37. a4 Ra2 38. Ra1 Rxa4 39. Rxa4 Qxa4 40. Qxh3
Qa1+ 41. Qf1 Bxe5 42. Bxe5 Qxe5 43. h4 Kg7 44. Qc1 Kh7 45. Qd2 Kg7 46. Kg2 Qe4+
47. f3 Qc4 48. Qe3 Kh7 49. g4 Qc2+ 50. Kg3 Qc7+ 51. Qf4 Qd7 52. Qe5 Qd1 53. Qe3
Kg8 54. Kg2 Kg7 55. Qe5+ Kg8 56. Qe4 Kg7 57. Qe5+ Kg8 58. h5 gxh5 59. Qg5+ Kh7
60. Qxh5+ Kg7 61. Qe5+ Kg8 62. Kg3 Qd2 63. Qe8+ Kg7 64. Qe5+ Kg8 65. Kh3 Qh6+
66. Kg3 Qd2 67. Qc5 Kg7 68. Qf2 Qd6+ 69. f4 Qd3+ 70. Qf3 Qc2 71. Qe3 Kg8 72.
Kh4 Qh7+ 73. Kg3 Qc2 74. f5 Qc6 75. Kh4 Kh7 76. Qd3 Qh1+ 77. Kg3 Qg1+ 78. Kf4
Qb6 79. Qe3 Qd6+ 80. Kf3 Qd5+ 81. Kg3 Kg7 82. Qg5+ Kf8 83. Qe3 Kg8 84. Qc3 Qd6+
85. Kf3 Kh7 86. Qc4 Qd1+ 87. Ke3 Qe1+ 88. Kf4 Qd2+ 89. Ke5 Kg7 90. f6+ Kh6 91.
Qf4+ 1-0

[Event "European Blitz Championship 2021"]
[Site "Katowice"]
[Date "2021.12.17"]
[Round "16.17"]
[White "Snihur, Piotr"]
[Black "Galuszka, Tomasz"]
[Result "1-0"]
[WhiteElo "2237"]
[BlackElo "2181"]
[Annotator "NA"]
[PlyCount "101"]
[EventDate "2021.12.17"]
[EventType "swiss"]
[EventCountry "POL"]
[SourceTitle "playchess.com"]
[Source "ChessBase"]
[SourceQuality "1"]

1. b3 d5 2. Bb2 Nf6 3. Nf3 Bf5 4. e3 e6 5. Be2 c6 6. O-O h6 7. c4 Nbd7 8. Nc3
Bd6 9. d3 Qe7 10. Re1 O-O 11. Bf1 Bh7 12. g3 a6 13. Bg2 e5 14. cxd5 cxd5 15. e4
d4 16. Ne2 Rac8 17. Nd2 Ba3 18. Bxa3 Qxa3 19. Nc4 Qe7 20. Qd2 b5 21. Na5 Rc7
22. Rec1 Rfc8 23. Rxc7 Rxc7 24. Rc1 Rxc1+ 25. Qxc1 Qc5 26. Nc6 Qxc1+ 27. Nxc1
Bg6 28. Bh3 Bh5 29. b4 Bd1 30. Kf1 g5 31. Bf5 Bg4 32. Bxg4 Nxg4 33. h3 Ngf6 34.
Nb3 Kf8 35. Ke2 Ke8 36. f4 gxf4 37. gxf4 exf4 38. Nbxd4 Nh5 39. Kf3 f6 40. Nf5
Ne5+ 41. Nxe5 fxe5 42. Nxh6 Ke7 43. Nf5+ Ke6 44. d4 exd4 45. Nxd4+ Ke5 46. Nc6+
Ke6 47. Kg4 Kd6 48. Nd4 Ke5 49. Nc6+ Kd6 50. Nd4 Ke5 51. Nf3+ 1-0